NFPA 1033 : Standard for Professional Qualifications for Fire Investigator. 2009 Edition
Gespeichert in:
| Format: | Buch |
|---|---|
| Sprache: | Englisch |
| Veröffentlicht: |
Quincy :
National fire protection association,
2008
|
| Tags: |
Keine Tags, Fügen Sie das erste Tag hinzu!
|
MARC
| LEADER | 00000nam a22000003a 4500 | ||
|---|---|---|---|
| 001 | stu261954 | ||
| 005 | 20141123162607.5 | ||
| 008 | 130131s2008----xxu-----------------eng-d | ||
| 040 | |a STU |b slo | ||
| 041 | 0 | |a eng | |
| 044 | |a xxu | ||
| 245 | |a NFPA 1033 : |b Standard for Professional Qualifications for Fire Investigator. 2009 Edition | ||
| 260 | |a Quincy : |b National fire protection association, |c 2008 | ||
| 300 | |a 16 s | ||
| 996 | |b 284M084731 |c M*B-666 |l MMKN |s A |a 24 |w stu261954_0001 | ||